[Event "AUTO-OPEN-4088"]
[Site "http://www.queenalice.com/game.php?id=1581623"]
[Date "2019.8.27"]
[Round "1"]
[White "Brechtien"]
[Black "Nomada76"]
[Result "0-1"]
[WhiteElo "1710"]
[BlackElo "1791"]

1. Nf3 Nc6 2. d4 d5 3. e3 a6 4. c4 Nf6 5. cxd5 Qxd5 6. Nc3 Qd8 7. Be2 g6 8. O-O
Bg7 9. Bd2 O-O 10. a3 Bg4 11. h3 Bf5 12. Rc1 Nd5 13. Nxd5 Qxd5 14. Bc4 Qe4 15.
Be2 Rfd8 16. Bc3 e5 17. Ne1 exd4 18. Bxd4 Bxd4 19. Bd3 Qe7 20. Bxf5 Bxe3 21. Qf3
Bxc1 0-1

[Event "AUTO-OPEN-4088"]
[Site "http://www.queenalice.com/game.php?id=1581626"]
[Date "2019.8.27"]
[Round "1"]
[White "Nomada76"]
[Black "josebaron"]
[Result "0-1"]
[WhiteElo "1807"]
[BlackElo "2053"]

1. e4 e5 2. Bc4 Nf6 3. d3 Be7 4. f4 exf4 5. Bxf4 d6 6. h3 c5 7. Nf3 h6 8. O-O
Kf8 9. Nc3 Be6 10. Bxe6 fxe6 11. e5 dxe5 12. Nxe5 Qe8 13. Qf3 Nc6 14. Ne4 Nd4
15. Qf2 Kg8 16. Nxf6+ Bxf6 17. Nc4 b6 18. Rae1 Qc6 19. c3 Nf5 20. a3 Re8 21. g4
Bh4 22. Ne5 Bxf2+ 23. Rxf2 Qa8 24. gxf5 exf5 25. Ref1 Kh7 26. Nf7 Rhf8 27. Nd6
Re6 28. Nc4 Rff6 29. b4 cxb4 30. axb4 Qd5 31. Rd1 b5 32. Ne3 Qb3 0-1

[Event "AUTO-OPEN-4088"]
[Site "http://www.queenalice.com/game.php?id=1581627"]
[Date "2019.8.27"]
[Round "1"]
[White "josebaron"]
[Black "Nomada76"]
[Result "1-0"]
[WhiteElo "2036"]
[BlackElo "1814"]

1. e4 e5 2. Bc4 Bc5 3. Nf3 Nc6 4. Nc3 d6 5. h3 Nf6 6. d3 h6 7. O-O Nd4 8. Nd5
Nxd5 9. Bxd5 O-O 10. c3 Ne6 11. Be3 a5 12. a4 c6 13. Bxc5 Nxc5 14. Bb3 Be6 15.
Bxe6 Nxe6 16. d4 exd4 17. Nxd4 Ng5 18. Qc2 c5 19. Nb5 Qd7 20. c4 Rae8 21. f3 f5
22. Rad1 Re6 23. exf5 Ref6 24. f4 Nf7 25. Rd5 Nd8 26. Rfd1 Rxf5 27. Rxd6 Qc7 28.
Nxc7 1-0

[Event "AUTO-ADV-4226"]
[Site "http://www.queenalice.com/game.php?id=1581735"]
[Date "2019.8.28"]
[Round "1"]
[White "Nomada76"]
[Black "clovis"]
[Result "0-1"]
[WhiteElo "1837"]
[BlackElo "1921"]

1. e4 e5 2. Bc4 Nf6 3. Nc3 Nxe4 4. Bxf7+ Kxf7 5. Nxe4 d5 6. Qf3+ Kg8 7. Nc3 c6
8. Nge2 Qf6 9. Qd3 Be6 10. O-O Bc5 11. b3 Nd7 12. Bb2 Rf8 13. Na4 Bd6 14. f4 Qh6
15. Rf2 exf4 16. Raf1 Ne5 17. Bxe5 Bxe5 18. Nc5 f3 19. g3 Bc8 20. Rxf3 Rxf3 21.
Qxf3 Qf6 22. Qd3 Qd6 23. Ne4 dxe4 24. Qe3 g6 25. Qxe4 Kg7 26. c3 Bf5 27. Rxf5
gxf5 28. Qxf5 Rf8 29. Qg5+ Kh8 0-1

[Event "AUTO-ADV-4226"]
[Site "http://www.queenalice.com/game.php?id=1581736"]
[Date "2019.8.28"]
[Round "1"]
[White "clovis"]
[Black "Nomada76"]
[Result "1-0"]
[WhiteElo "1913"]
[BlackElo "1801"]

1. e4 e5 2. Nf3 Nc6 3. Bc4 Bc5 4. O-O d6 5. b4 Nxb4 6. c3 Nc6 7. d4 exd4 8. cxd4
Bb6 9. Nc3 Bg4 10. Qb3 Bxf3 11. Bxf7+ Kf8 12. Bxg8 Rxg8 13. gxf3 Nxd4 14. Qd1
Qf6 15. f4 Qg6+ 16. Kh1 Qf7 17. Nd5 c6 18. Nxb6 axb6 19. Qxd4 Qc7 20. f5 1-0

[Event "AUTO-ADV-4226"]
[Site "http://www.queenalice.com/game.php?id=1581737"]
[Date "2019.8.28"]
[Round "1"]
[White "Nomada76"]
[Black "noroc"]
[Result "0-1"]
[WhiteElo "1843"]
[BlackElo "1829"]

1. e4 e5 2. Bc4 Bc5 3. Qh5 Qf6 4. Nf3 d6 5. d3 g6 6. Qg5 h6 7. Qh4 g5 8. Qg3 Be6
9. Bxe6 fxe6 10. Be3 Nd7 11. Nc3 Ne7 12. O-O-O O-O-O 13. d4 exd4 14. Nxd4 Ne5
15. Ndb5 N7c6 16. Bxc5 dxc5 17. Qe3 a6 18. Na3 Nd4 19. Ne2 Ng4 20. Qd3 Nxf2 21.
Qe3 Nxe2+ 22. Qxe2 Nxd1 23. Rxd1 Qf4+ 24. Kb1 Rxd1+ 25. Qxd1 Qxe4 26. Ka1 Qxg2
27. Qe1 Re8 0-1

[Event "AUTO-ADV-4226"]
[Site "http://www.queenalice.com/game.php?id=1581738"]
[Date "2019.8.28"]
[Round "1"]
[White "noroc"]
[Black "Nomada76"]
[Result "1-0"]
[WhiteElo "1857"]
[BlackElo "1826"]

1. d4 d5 2. c4 c5 3. dxc5 Qa5+ 4. Qd2 Qxc5 5. cxd5 Nf6 6. Nc3 g6 7. Nf3 Bg7 8.
e4 O-O 9. Be2 Ng4 10. O-O f5 11. h3 Ne5 12. Nxe5 Bxe5 13. Na4 Qd6 14. f4 Bg7 15.
e5 Qc7 16. b4 Nd7 17. Bb2 a6 18. Rac1 Qd8 19. Bf3 b5 20. Nc5 Nxc5 21. bxc5 a5
22. c6 Qc7 23. Rc5 a4 24. d6 Qb6 25. Bd4 exd6 26. exd6 Ra7 27. Re5 Qa6 28. Bd5+
Kh8 29. Re7 Rxe7 30. dxe7 Re8 31. Re1 1-0

[Event "Alsina-2"]
[Site "http://www.queenalice.com/game.php?id=1582550"]
[Date "2019.9.5"]
[Round "1"]
[White "tomatito2"]
[Black "Nomada76"]
[Result "1-0"]
[WhiteElo "1756"]
[BlackElo "1851"]

1. e4 e5 2. Nf3 Nc6 3. Bc4 h6 4. d4 exd4 5. Nxd4 Ne5 6. Bb3 Bc5 7. Be3 Nf6 8.
O-O d6 9. Nc3 Nfg4 10. Bf4 c6 11. h3 Qf6 12. Nde2 Ng6 13. Be3 Nxe3 14. fxe3
Bxe3+ 15. Kh1 Qg5 16. Bxf7+ Ke7 17. Bxg6 Qxg6 18. Qd3 Bc5 19. Nf4 Qg5 20. e5 Bf5
21. Nfd5+ cxd5 22. Rxf5 Qg6 23. Nxd5+ Kd7 24. Qb5+ Kd8 25. Qxb7 1-0

[Event "Challenge"]
[Site "http://www.queenalice.com/game.php?id=1583203"]
[Date "2019.9.12"]
[Round "-"]
[White "MADMIKE"]
[Black "Nomada76"]
[Result "0-1"]
[WhiteElo "1858"]
[BlackElo "1838"]

1. d4 d5 2. Nc3 Nf6 3. Bf4 Bf5 4. h3 e6 5. a3 Bd6 6. Bg5 Nbd7 7. Nf3 h6 8. Bxf6
Nxf6 9. e3 O-O 10. Bd3 Ne4 11. Nxe4 dxe4 12. Bxe4 Bxe4 13. O-O Qf6 14. Nd2 Bc6
15. c4 Qg6 16. e4 Bxe4 17. f3 Bf5 18. g4 Bd3 19. Rf2 f5 20. b3 fxg4 21. hxg4 h5
22. Rg2 h4 23. Ne4 Bxe4 24. fxe4 Qxe4 25. g5 h3 26. Re2 h2+ 27. Rxh2 Bxh2+ 28.
Kxh2 Qh4+ 29. Kg2 Rf2+ 0-1

[Event "Challenge"]
[Site "http://www.queenalice.com/game.php?id=1583204"]
[Date "2019.9.12"]
[Round "-"]
[White "Nomada76"]
[Black "MADMIKE"]
[Result "0-1"]
[WhiteElo "1860"]
[BlackElo "1831"]

1. e4 e5 2. Qh5 d6 3. Bc4 g6 4. Qf3 Nf6 5. d3 Bg7 6. Bg5 O-O 7. Nc3 c6 8. h3 b5
9. Bb3 Be6 10. Nge2 Bxb3 11. axb3 b4 12. Nd1 c5 13. c3 Nbd7 14. O-O a5 15. d4
cxd4 16. cxd4 exd4 17. Nxd4 Ne5 18. Qe2 Qb6 19. Be3 Qb7 20. Bg5 Nxe4 21. Bf4 Nc5
22. Ne3 Ned3 23. Nf3 Nxf4 24. Qc4 Nfe6 25. Rad1 Rad8 26. Nd5 Bxb2 27. Nh2 Be5
28. f4 Bg7 29. g4 a4 30. f5 gxf5 31. gxf5 Nc7 32. Ne7+ Kh8 33. Rf4 Be5 34. Rg4
Ne8 35. Nd5 Nf6 36. Nxf6 Bxf6 37. bxa4 Nxa4 38. Nf1 Rg8 39. Ng3 Rxg4 40. hxg4
Nc3 41. Re1 d5 42. Qf4 Bh4 43. Qe5+ f6 44. Qd4 Kg7 45. Nh5+ Kf7 46. Re6 Ne4 47.
Kg2 b3 48. Qb2 Qb8 49. Rxe4 dxe4 50. Kh3 Bg5 0-1

[Event "AUTO-ADV-4244"]
[Site "http://www.queenalice.com/game.php?id=1585954"]
[Date "2019.10.7"]
[Round "1"]
[White "bouley"]
[Black "Nomada76"]
[Result "1-0"]
[WhiteElo "2066"]
[BlackElo "1766"]

1. e4 e5 2. Nf3 Nc6 3. Nc3 Bc5 4. Bb5 Nd4 5. Nxd4 Bxd4 6. Ne2 Bb6 7. O-O c6 8.
Bc4 a5 9. d3 d5 10. exd5 cxd5 11. Bb5+ Bd7 12. c4 Bxb5 13. cxb5 Nf6 14. Bg5 h6
15. Bh4 Qd6 16. Re1 O-O 17. Bg3 Nh5 18. a4 f5 19. Kh1 f4 20. Bh4 g5 21. Nc3 Nf6
22. Bxg5 hxg5 23. Qc2 Rac8 24. Qe2 Bd4 25. Rac1 Rce8 26. f3 Qb4 27. Qc2 Rc8 28.
Qd2 Bxc3 29. bxc3 Qxa4 30. Rxe5 Nh7 31. Rxd5 Rfe8 32. c4 Qb4 33. Qxb4 axb4 34.
h3 Re2 35. Rb1 Rce8 36. Rd6 Kg7 37. Rd7+ R8e7 38. Rxe7+ Rxe7 39. Rxb4 Nf6 40. d4
Nh5 41. Rb1 Rc7 42. Rc1 Ng3+ 43. Kh2 1-0

[Event "AUTO-ADV-4244"]
[Site "http://www.queenalice.com/game.php?id=1585955"]
[Date "2019.10.7"]
[Round "1"]
[White "Nomada76"]
[Black "bouley"]
[Result "0-1"]
[WhiteElo "1762"]
[BlackElo "2070"]

1. e4 Nc6 2. Bb5 Nd4 3. Nc3 e5 4. Nf3 Nxb5 5. Nxb5 c6 6. Nc3 d6 7. h3 Nf6 8. d3
Be7 9. O-O O-O 10. a3 b5 11. b4 a5 12. bxa5 Qxa5 13. Bd2 Qc7 14. a4 b4 15. Ne2
c5 16. c3 bxc3 17. Bxc3 Ba6 18. Qc2 h6 19. Nh2 Nd7 20. f4 f5 21. fxe5 fxe4 22.
dxe4 Nxe5 23. Nf3 Nxf3+ 24. Rxf3 Rxf3 25. gxf3 Qd7 26. Kh2 Rf8 27. Rf1 Bc8 28.
Ng1 d5 29. exd5 Qxd5 30. Qg6 Qg5 31. Qxg5 Bxg5 32. a5 Bf4+ 33. Kg2 Be3 34. Ne2
Ba6 35. Re1 Bb7 36. Rf1 Rf5 37. Ng3 Rg5 38. Be1 h5 39. Kh2 Bf4 40. Rg1 Bxf3 41.
Rf1 Bxg3+ 42. Bxg3 Be4 43. Re1 Bd3 44. Rc1 c4 0-1

[Event "AUTO-ADV-4244"]
[Site "http://www.queenalice.com/game.php?id=1585966"]
[Date "2019.10.7"]
[Round "1"]
[White "mvson33"]
[Black "Nomada76"]
[Result "1/2-1/2"]
[WhiteElo "1761"]
[BlackElo "1766"]

1. e4 e5 2. Nf3 Nc6 3. Bc4 Bc5 4. O-O d6 5. d3 h6 6. Nc3 Bg4 7. h3 Bh5 8. Bd2
Nf6 9. Nd5 Nxd5 10. Bxd5 Nd4 11. g4 Bg6 12. Nxd4 Bxd4 13. c3 Bb6 14. Bxb7 O-O
15. Bxa8 Qxa8 16. Kg2 f5 17. f3 f4 18. Be1 h5 19. Bh4 a5 20. Qe2 Rc8 21. gxh5
Bxh5 22. Bf2 c5 23. Kh2 g6 24. Rg1 Kh7 25. Rg2 a4 26. Rag1 a3 27. b3 Qa5 28. c4
Qa7 29. Qe1 Kg7 30. Bh4 Qf7 31. Rf1 Kh7 1/2-1/2

[Event "AUTO-ADV-4244"]
[Site "http://www.queenalice.com/game.php?id=1585967"]
[Date "2019.10.7"]
[Round "1"]
[White "Nomada76"]
[Black "mvson33"]
[Result "0-1"]
[WhiteElo "1782"]
[BlackElo "1787"]

1. e4 c6 2. d4 d5 3. e5 e6 4. a3 c5 5. Be3 cxd4 6. Bxd4 Nc6 7. Bb5 Bd7 8. Bxc6
Bxc6 9. Nf3 a6 10. O-O g6 11. c3 Bg7 12. b4 Ne7 13. Nbd2 O-O 14. h3 Nf5 15. Nh2
Qc7 16. f4 Bb5 17. Rf3 Rac8 18. Nb3 Ba4 19. Qb1 Bxb3 20. Qxb3 Qc4 21. Qxc4 Rxc4
22. g4 Ne7 23. h4 Nc6 24. Bc5 Rc8 25. g5 Bf8 26. Bxf8 Kxf8 27. Ng4 Ne7 28. Rc1
Nf5 29. Nf6 Kg7 30. Kh2 Nxh4 0-1

[Event "AUTO-ADV-4244"]
[Site "http://www.queenalice.com/game.php?id=1585972"]
[Date "2019.10.7"]
[Round "1"]
[White "atbn"]
[Black "Nomada76"]
[Result "1-0"]
[WhiteElo "1926"]
[BlackElo "1758"]

1. e4 e5 2. Nf3 Nc6 3. Bc4 Bc5 4. Nc3 Nf6 5. d3 h6 6. Qe2 d6 7. Be3 Bg4 8. h3
Be6 9. Bxe6 fxe6 10. Bxc5 dxc5 11. O-O O-O 12. Qd2 Nd4 13. Nxe5 b5 14. Ne2 Qd6
15. f4 Nh5 16. Nxd4 Qxd4+ 17. Qf2 Qxf2+ 18. Rxf2 Rxf4 19. Raf1 Rxf2 20. Rxf2 Nf6
21. Kf1 a5 22. a3 c4 23. Ke2 cxd3+ 24. cxd3 b4 25. a4 b3 26. Kd2 Rd8 27. Kc3 Nd7
28. Nxd7 Rxd7 29. Rf3 Kh7 30. Kxb3 g5 31. Kc4 1-0

[Event "AUTO-ADV-4244"]
[Site "http://www.queenalice.com/game.php?id=1585973"]
[Date "2019.10.7"]
[Round "1"]
[White "Nomada76"]
[Black "atbn"]
[Result "0-1"]
[WhiteElo "1811"]
[BlackElo "1847"]

1. e4 e5 2. Bc4 Nf6 3. d3 Bc5 4. Bg5 Bxf2+ 5. Kxf2 Nxe4+ 6. dxe4 Qxg5 7. Qf3 O-O
8. Ne2 d6 9. h3 Be6 10. Bb3 Bxb3 11. axb3 f5 12. Nbc3 fxe4 0-1